000 00463nam a2200181Ia 4500
001 4586
005 20260306145807.0
008 260306t2019||||xx |||||||||||||| ||spa||
041 _aESP
082 _a302.2
_bZ95
100 _aZúñiga Lacruz, Ana
_eAUT
245 0 _aComunicación oral y escrita:
_bmanual para estudiantes de psicología
260 _c2019
300 _a90 páginas :
_c24 cm.
650 _aGEN
654 _aCED
942 _cLIB
_dJUS
_fJUS
_2ddc
_n
999 _c4586
_d4586